Responses for Show #6919 - Thursday, October 16, 2014

Contestants

[<< previous game]

Jim Hamilton, a risk manager from Wilmington, Delaware

Chris Hoeh, an architect from Riverdale, Georgia

John Campbell, a romance novelist from Weymouth, Massachusetts (whose 1-day cash winnings total $16,400)

[next game >>]

Jeopardy! Round responses

ALEXANDER HAMILTON, GRUMPY GUY
MUSIC
EGGING YOU ON
ELEMENTS OF THE FAIRY TALE
INVENTIVE THINKING
H _ _ E
(Alex: Each correct response will be four letters, beginning with an "H", ending with an "E".)
    $200 1
Aaron Burr

John
    $200 7
"Let It Go"

Jim
    $200 21
(Jim: What is "The Emperor with No Clothes"?)
...
(Alex: You were so close, Jim. It is "What is [*]?" not "no clothes." Although
he didn't have any clothes. You were right there.)

"The Emperor's New Clothes"

Jim
Triple Stumper
    $200 6
milk

Jim
    $200 12
hone

Jim
    $400 2
(Chris: Who is Washington?)
(John: Who is Adams?)
(Alex: Which one?)
(John: [*].)
(Alex: Yes. Thank you.)

John Adams

JohnChris
    $400 8
"Royals"

Jim
    $400 22
"Rapunzel"

John
    $400 17
(John: What is the Polaroid?)
(Chris: What is the brownie?)

Kodak

JohnChris
Triple Stumper
    $400 13
hype

Chris
    $600 3
Secretary of the Treasury

Jim
    $600 9
Daft Punk

John
    $600 28
[The end-of-round signal sounds.]

huevos rancheros

Jim
    $600 23
"Little Red Riding Hood"

Chris
    $600 18
Robert Fulton

Chris
    $600 14
haze

Chris
    $800 4
Monroe

John
    $800 10
Good Charlotte

John
    $800 27
egg foo yung

Triple Stumper
    $800 24
"Rumpelstiltskin"

John
    $800 19
(George) Pullman

John
    $800 15
hare

Chris
    $1000 5
Jefferson

John
    $1000 11
John Mayer

Triple Stumper
    $1000 26
frittata

John
    $1000 25
"Hansel and Gretel"

Chris
    $2,000 20
(Thomas) Watson

John
    $1000 16
hose

Chris

Scores at the first commercial break (after clue 15):

John Chris Jim
$3,800 $1,400 $1,600

Scores at the end of the Jeopardy! Round:

John Chris Jim
$8,400 $4,200 $2,000

Double Jeopardy! Round responses

EUROPEAN RIVERS
FEEL-GOOD MOVIES
SOCIAL SCIENCE BOOKS
MR. "T"
ART & MYTHOLOGY
MAD MAX BEYOND PALINDROME
    $400 7
the Danube

John
    $400 23
happy

Chris
    $400 13
green

John
    $400 1
Hunter S. Thompson

Jim
    $400 14
Rembrandt

Chris
    $400 15
Hannah

Jim
    $800 3
the Shannon

John
    $800 27
joy

John
    $800 28
(John: What are the masses?)
[The end-of-round signal sounds.]

crowds

John
Triple Stumper
    $800 2
Tiberius

John
    $800 8
(John: Who is Osiris?)

Isis

John
Triple Stumper
    $800 16
(Jeremy) Renner

Triple Stumper
    $1200 4
the Volga

John
    $1200 26
merry

Triple Stumper
    $1,000 12
(John: What is...)
...
(Alex: I didn't think you were anywhere near that in your brain.)
(John: Nope. Was not.)

Freakonomics

John
    $1200 20
Dave Thomas

John
    $1200 9
de Medici

John
    $1200 17
deed

Chris
    $3,000 5
(Alex: [*]. Yes. It's now known as the Ebro.)

Spain

John
    $1600 25
cheer

Jim
    $1600 21
Samuel Tilden

Triple Stumper
    $1600 10
the Graces

John
    $1600 19
eke

Jim
    $2000 6
(Chris: What is the Seine?)

the Rhone

Chris
Triple Stumper
    $2000 24
blithe

Triple Stumper
    $2000 22
Talleyrand

Triple Stumper
    $2000 11
(Alex: And that is [*]. Oh, you knew that, John. You should have rung in.)

Orpheus

Triple Stumper
    $2000 18
solos

Triple Stumper

Scores at the end of the Double Jeopardy! Round:

John Chris Jim
$17,200 $4,200 $6,000
(lock game)

[wagering suggestions for these scores]

Final Jeopardy! Round responses

LITERATURE
(Alex: Now we go to Jim Hamilton, and he is smiling rather sheepishly. Why is that? [Jim's response is revealed.] Ah, yes. A descent into Iceland's Mount Sneffels with Heidi. She was a fun kinda girl. Uh, you're gonna lose $2,400 for that one, but I love the humor of it.)
ChrisWhat is Journey to the Center of the Earth
$4,200
JimWhat is Heidi?
$2,400
JohnWhat is Journey to the Center of the Earth
$1,800
Journey to the Center of the Earth

Final scores:

John Chris Jim
$19,000 $8,400 $3,600
2-day champion: $35,400 2nd place: $2,000 3rd place: $1,000

Game dynamics:

Coryat scores:

John Chris Jim
$15,800 $4,200 $6,000
21 R
(including 2 DDs),
4 W
(including 1 DD)
10 R,
3 W
10 R,
1 W

Combined Coryat: $26,000

[game clues] [game scores] [suggest correction]

Game tape date: Unknown
The J! Archive is created by fans, for fans. Scraping, republication, monetization, and malicious use prohibited; this site may use cookies and collect identifying information. See terms. The Jeopardy! game show and all elements thereof, including but not limited to copyright and trademark thereto, are the property of Jeopardy Productions, Inc. and are protected under law. This website is not affiliated with, sponsored by, or operated by Jeopardy Productions, Inc. Join the discussion at JBoard.tv.